000 00552nam a2200181Ia 4500
008 240925s9999 xx 000 0 und d
020 _a8176569550
082 _a005.44769 REI
100 _aPrice, Brad
245 0 _aMCSE Windows Server 2003 Active Directory and Network Infrastructure Design study guide
250 _aNA
260 _aNew Delhi:
_bBPB Publication
_c,2004.
300 _axii,642p.
_bNA
_fPhotocopy
500 _aIncludes Index
600 _aComputer Science
650 _aComputer science, information & general works
942 _cBK
999 _c8333
_d8333